| 000 | nam a22 a 4500 | ||
|---|---|---|---|
| 999 |
_c2284 _d2284 |
||
| 005 | 20170516085321.0 | ||
| 008 | 170516b1986 xxu||||| |||| 00| 0 eng d | ||
| 020 | _a0021366500 | ||
| 040 | _aAKMAL | ||
| 082 | _a425 SMI | ||
| 090 |
_a425 _bSMI |
||
| 100 |
_aCarl B. Smith _94618 |
||
| 245 |
_aI Can, Too / _cCarl B. Smith |
||
| 260 |
_aNew York _bMacmillan Publishing Company _c1986 |
||
| 300 |
_a64p. _ccm |
||
| 942 |
_2ddc _cBOOK |
||